30 in 90: Broadway Musicals Quiz Stats

 Plays Quiz Updated May 31, 2017

Support Sporcle.
Go Orange.
Score 0/30 Timer 01:30
4 Plays Today
% Correct
Mamma Mia!
81.8%
Grease
79.8%
Annie
78.6%
The Sound of Music
75.4%
Fiddler on the Roof
72.7%
Cats
72.4%
Wicked
69.8%
Hamilton
69.3%
The Phantom of the Opera
69.2%
Les Misérables
69.2%
Chicago
68.5%
My Fair Lady
63%
The Music Man
60.1%
The Producers
60%
Hairspray
59.5%
% Correct
Hair
59.4%
Oklahoma!
59.3%
West Side Story
56.3%
Guys and Dolls
55.3%
Jersey Boys
51.8%
Rent
49.6%
Funny Girl
49.2%
Cabaret
45.1%
The Book of Mormon
40.7%
South Pacific
39.9%
A Chorus Line
33.8%
Avenue Q
27.7%
Thoroughly Modern Millie
22.8%
Miss Saigon
21.9%
Spamalot
18%

From the Vault

Word Ladder: Lack of Talent

by SporcleEXP

Lewis Carroll once said "I downloaded the Badly Drawn Faces app and it inspired me to invent the Word Ladder."
Remove Ads.
Support Sporcle.
Get the best of Sporcle when you Go Orange. This ad-free experience offers more features, more stats, and more fun while also helping to support Sporcle. Thank you for becoming a member.

Show Comments

Extras

Top Quizzes Today


Score Distribution

Your Account Isn't Verified!

In order to create a playlist on Sporcle, you need to verify the email address you used during registration. Go to your Sporcle Settings to finish the process.

Report this User

Report this user for behavior that violates our Community Guidelines.

Details: